00572nam a22001697a 450000500170000000800410001702000180005804000210007604100080009708200180010524501380012325000120026126000470027330000100032065000460033070000260037620230320132229.0230320b ||||| |||| 00| 0 eng d a9789324406811 aIN-DiNCcIN-DiNC dasm a891.4514bSAH aSahitya samaluchanar tridhara:basamiya galpa, upanyas aru natya sahityar bikhaye bibhinna samaloochakar aloochana/ced. Kabita Dutta a1st ed. aGuwahati:bPublication Board Assam,c2017. a418p. aLiterary criticism of Assamese literature aDutta, KabitaeEditor